000 00892cab a2200313 4500
001 ABS51361
008 090401t1994 xxu||||| |||| 00| 0 eng d
035 _a(Sirsi) u23300
041 _aeng
100 _aLock, S.
245 _aRepair of brickwork
260 _c1994
350 _a0
490 _aFaculty of Building Journal
_vAutumn 1994, 16-18(3)
520 _aA brief history on brickwork provides useful background for those engaged in repairing brickwork. Diagrams.
650 _aBRICK-BUILT HOUSES
650 _aBRICKS
650 _aBRICKWORK
650 _aCAVITY WALS
650 _aLIME MORTAR
650 _aMORTAR
650 _aREPAIR AND MAINTENANCE
650 _aREPOINTING
650 _aSOLID WALLS
690 _aBUILT ENVIRONMENT-BUILDING MATERIALS
690 _aBUILDING AND CONSTRUCTION-REPAIRS AND MAINTENANCE
942 _n0
948 _c04/03/1997
999 _c15582
_d15582